[Event "New York Marshall IM-C 07"]
[Site "New York"]
[Date "2025.07.13"]
[Round "9"]
[White "Moor, Nathaniel Philip"]
[Black "Wongso, Steve"]
[Result "1/2-1/2"]
[WhiteElo "2261"]
[BlackElo "2154"]
[PlyCount "97"]
[EventDate "2025.07.09"]
[EventType "tourn"]
[EventRounds "9"]
[EventCountry "USA"]
[EventCategory "2"]
[SourceTitle "CB29_2025"]
[SourceDate "2025.07.16"]
[SourceVersion "1"]
[SourceVersionDate "2025.07.16"]
[SourceQuality "1"]

1. d4 Nf6 2. c4 e6 3. Nf3 b6 4. a3 Bb7 5. Nc3 Ne4 6. Nxe4 Bxe4 7. Nd2 Bb7 8. e4 g6 9. Bd3 Bg7 10. Nf3 0-0 11. Bg5 f6 12. Be3 f5 13. e5 d6 14. Qe2 Nd7 15. 0-0-0 c5 16. d5 Nxe5 17. Ng5 exd5 18. Ne6 Qf6 19. Nxg7 Kxg7 20. cxd5 Bxd5 21. f3 Bb3 22. Rde1 c4 23. Bb1 Nd3+ 24. Bxd3 cxd3 25. Qxd3 Rac8+ 26. Kb1 Bc2+ 27. Qxc2 Rxc2 28. Kxc2 f4 29. Bd2 Qf5+ 30. Kb3 Qb5+ 31. Kc2 Rc8+ 32. Bc3+ Kf7 33. Re4 Qf5 34. Kb3 d5 35. Rd4 Rc4 36. Rhd1 Rxd4 37. Rxd4 Qg5 38. Rd2 a5 39. Bd4 b5 40. Bb6 d4 41. Bxd4 Qd5+ 42. Kc2 Qc4+ 43. Bc3 b4 44. axb4 axb4 45. Rd4 Qe2+ 46. Rd2 Qb5 47. Bd4 Qc4+ 48. Kd1 h5 49. h3 1/2-1/2

[Event "New York Marshall IM-C 07"]
[Site "New York"]
[Date "2025.07.10"]
[Round "3"]
[White "Movsziszian, Karen"]
[Black "Moor, Nathaniel Philip"]
[Result "1/2-1/2"]
[WhiteElo "2380"]
[BlackElo "2261"]
[PlyCount "116"]
[EventDate "2025.07.09"]
[EventType "tourn"]
[EventRounds "9"]
[EventCountry "USA"]
[EventCategory "2"]
[SourceTitle "CB29_2025"]
[SourceDate "2025.07.16"]
[SourceVersion "1"]
[SourceVersionDate "2025.07.16"]
[SourceQuality "1"]

1. g3 d5 2. Bg2 Nc6 3. d3 e5 4. a3 Nf6 5. Nd2 Bc5 6. e3 a5 7. b3 e4 8. dxe4 d4 9. Nf1 Ng4 10. f3 Nge5 11. Ne2 0-0 12. Nf4 b6 13. Bb2 dxe3 14. Qxd8 Rxd8 15. Nd5 Nd4 16. Bxd4 Bxd4 17. Rd1 Rxd5 18. exd5 Bc3+ 19. Ke2 Ba6+ 20. Kxe3 Re8 21. Kf2 Nd3+ 22. cxd3 Bd4+ 23. Ne3 Rxe3 24. g4 Rxd3+ 25. Kg3 Be5+ 26. Kf2 Rxb3 27. Rhe1 f6 28. a4 Bxh2 29. Bf1 Rb2+ 30. Be2 Be5 31. Kf1 Bxe2+ 32. Rxe2 Rb3 33. Kf2 Ra3 34. Re4 g5 35. Ke2 Kf7 36. Rc1 Kg6 37. Rxe5 fxe5 38. Rc6+ Kf7 39. Rxc7+ Ke8 40. Rb7 Rxa4 41. Rxb6 Kd7 42. Rh6 Rd4 43. Ke3 a4 44. Rxh7+ Kd6 45. Ra7 Kxd5 46. Ra5+ Kd6 47. Ra6+ Kd5 48. Ra5+ Ke6 49. Ra6+ Kd7 50. Ra5 Kd6 51. Ra6+ Kc7 52. Ra5 Kb6 53. Rxe5 Rb4 54. Rxg5 a3 55. Rg8 Ra4 56. Rb8+ Kc5 57. Rb1 a2 58. Ra1 Kd5 1/2-1/2

[Event "Marshall IM-B"]
[Site "New York"]
[Date "2025.05.24"]
[Round "4"]
[White "Cherukuri, Nitesh"]
[Black "Moor, Nathaniel Philip"]
[Result "0-1"]
[WhiteElo "2167"]
[BlackElo "2228"]
[PlyCount "70"]
[EventDate "2025.05.22"]
[EventType "tourn"]
[EventRounds "9"]
[EventCountry "USA"]
[EventCategory "1"]
[SourceTitle "CB22_2025"]
[SourceDate "2025.05.28"]
[SourceVersion "1"]
[SourceVersionDate "2025.05.28"]
[SourceQuality "1"]

1. e4 e5 2. Nf3 Nc6 3. Bb5 a6 4. Ba4 Nf6 5. 0-0 Be7 6. Re1 b5 7. Bb3 0-0 8. d4 Nxd4 9. Bxf7+ Rxf7 10. Nxe5 Rf8 11. Qxd4 Bb7 12. Nc3 d6 13. Nf3 Qd7 14. Bg5 Rae8 15. b4 Nh5 16. Bxe7 Rxe7 17. Nd5 Ref7 18. Rad1 Qg4 19. Ne3 Qg6 20. Nf5 Nf4 21. g3 Nh3+ 22. Kf1 Bxe4 23. Qxe4 Qxf5 24. Kg2 Qxe4 25. Rxe4 Rxf3 26. Kxh3 Rxf2 27. c4 Rc2 28. cxb5 axb5 29. Re7 Rf5 30. Re8+ Kf7 31. Rde1 c5 32. R1e7+ Kg6 33. Re6+ Rf6 34. Re4 h5 35. bxc5 Rff2 0-1

[Event "Marshall IM-B"]
[Site "New York"]
[Date "2025.05.24"]
[Round "5"]
[White "Moor, Nathaniel Philip"]
[Black "Yudasin, Leonid"]
[Result "1/2-1/2"]
[WhiteElo "2228"]
[BlackElo "2290"]
[PlyCount "61"]
[EventDate "2025.05.22"]
[EventType "tourn"]
[EventRounds "9"]
[EventCountry "USA"]
[EventCategory "1"]
[SourceTitle "CB22_2025"]
[SourceDate "2025.05.28"]
[SourceVersion "1"]
[SourceVersionDate "2025.05.28"]
[SourceQuality "1"]

1. d4 Nf6 2. c4 e6 3. Nf3 b6 4. g3 Bb7 5. Bg2 Be7 6. 0-0 0-0 7. Nc3 d5 8. Ne5 Na6 9. cxd5 exd5 10. Nd3 c6 11. Bf4 Nc7 12. Bxc7 Qxc7 13. Rc1 Rad8 14. Qa4 Qb8 15. Rfd1 Rfe8 16. Nb4 Qa8 17. e3 Bf8 18. Ne2 c5 19. dxc5 bxc5 20. Na6 Rc8 21. Qb5 Re6 22. Nxc5 Rxc5 23. Rxc5 Ba6 24. Qa5 Bxe2 25. Rdxd5 Nxd5 26. Bxd5 Qb8 27. Bxe6 Bxc5 28. Bxf7+ Kxf7 29. Qxc5 Qxb2 30. Qc7+ Kg6 31. Qc6+ 1/2-1/2

[Event "Marshall IM-B"]
[Site "New York"]
[Date "2025.05.23"]
[Round "3"]
[White "Moor, Nathaniel Philip"]
[Black "Hajnal, Zoltan"]
[Result "1/2-1/2"]
[WhiteElo "2228"]
[BlackElo "2333"]
[PlyCount "143"]
[EventDate "2025.05.22"]
[EventType "tourn"]
[EventRounds "9"]
[EventCountry "USA"]
[EventCategory "1"]
[SourceTitle "CB22_2025"]
[SourceDate "2025.05.28"]
[SourceVersion "1"]
[SourceVersionDate "2025.05.28"]
[SourceQuality "1"]

1. d4 Nf6 2. c4 e6 3. Nf3 d5 4. g3 Be7 5. Bg2 0-0 6. 0-0 b6 7. cxd5 exd5 8. Nc3 Bb7 9. Bf4 c6 10. Ne5 Nbd7 11. Rc1 Rc8 12. e4 dxe4 13. Nxe4 Nd5 14. Bd2 Nxe5 15. dxe5 Qc7 16. f4 Rcd8 17. Qh5 f6 18. Nd6 Rxd6 19. exd6 Qxd6 20. Rfd1 f5 21. Bc3 Bf6 22. Bxf6 Qxf6 23. Qe2 Qf7 24. Bxd5 cxd5 25. Re1 d4 26. Qe5 Be4 27. Rc7 Qf6 28. Qxf6 Rxf6 29. Rec1 Rd6 30. Rxa7 h5 31. Rcc7 Rg6 32. Kf2 h4 33. Rc8+ Kh7 34. Rd7 hxg3+ 35. hxg3 Rh6 36. Rxd4 Rh2+ 37. Ke3 Rxb2 38. Rd2 Rb1 39. Rc3 b5 40. Kd4 Kg6 41. Rb3 Rc1 42. Rxb5 Kh5 43. Rc5 Rg1 44. Rc7 Rxg3 45. Rh2+ Kg6 46. Ra7 Rd3+ 47. Ke5 Re3 48. Kd6 Kf6 49. Rh7 Rd3+ 50. Kc5 Rc3+ 51. Kd4 Rd3+ 52. Kc4 Rf3 53. Rh4 Rf2 54. a4 Bf3 55. Ra6+ Kf7 56. Ra7+ Kf6 57. Rh8 Be2+ 58. Kc3 Rxf4 59. a5 g6 60. Rf8+ Kg5 61. Re8 Rf3+ 62. Kb2 Rf2 63. Kc3 Rf3+ 64. Kd4 Rd3+ 65. Kc5 Rd2 66. Re6 f4 67. a6 Ra2 68. Rg7 Bd3 69. a7 f3 70. Rf7 f2 71. Rxf2 Rxa7 72. Re3 1/2-1/2

[Event "Edward Lasker Memorial 108th"]
[Site "New York"]
[Date "2024.12.14"]
[Round "5"]
[White "Moor, Nathaniel Philip"]
[Black "Su, Jasmine Zhixin"]
[Result "1/2-1/2"]
[WhiteElo "2250"]
[BlackElo "2162"]
[PlyCount "73"]
[EventDate "2024.12.12"]
[EventType "swiss"]
[EventRounds "7"]
[EventCountry "USA"]
[SourceTitle "CB51_2024"]
[SourceDate "2024.12.18"]
[SourceVersion "1"]
[SourceVersionDate "2024.12.18"]
[SourceQuality "1"]

1. d4 Nf6 2. c4 g6 3. Nc3 d5 4. cxd5 Nxd5 5. e4 Nxc3 6. bxc3 Bg7 7. Bc4 c5 8. Ne2 Nc6 9. Be3 0-0 10. 0-0 b6 11. Qd2 Bb7 12. Rac1 Rc8 13. f3 Qd7 14. h4 cxd4 15. cxd4 Na5 16. Bd3 e6 17. h5 Rxc1 18. Rxc1 Rc8 19. Rxc8+ Qxc8 20. Bh6 Bxh6 21. Qxh6 Ba6 22. Bxa6 Qxa6 23. Qd2 Nc4 24. Qc2 b5 25. h6 Qa3 26. Nc3 a6 27. d5 Ne3 28. Qd2 Nc4 29. Qg5 Qf8 30. e5 exd5 31. Nxd5 Qc5+ 32. Kh1 Qxd5 33. Qe7 Qa8 34. e6 Qf8 35. exf7+ Qxf7 36. Qd8+ Qf8 37. Qd5+ 1/2-1/2

[Event "US op 124th"]
[Site "Norfolk"]
[Date "2024.08.02"]
[Round "7"]
[White "Moor, Nathaniel Philip"]
[Black "Failon, Nick"]
[Result "1/2-1/2"]
[WhiteElo "2111"]
[BlackElo "1810"]
[PlyCount "40"]
[EventDate "2024.07.27"]
[EventType "swiss"]
[EventRounds "9"]
[EventCountry "USA"]
[SourceTitle "EXT 2025"]
[Source "ChessBase"]
[SourceDate "2024.10.14"]
[SourceVersion "1"]
[SourceVersionDate "2024.10.14"]
[SourceQuality "1"]

1. d4 d6 2. e4 g6 3. Nc3 Bg7 4. Nf3 Nd7 5. Bc4 e6 6. Bg5 Ne7 7. h4 h6 8. Be3 a6 9. a4 b6 10. Qd2 Bb7 11. 0-0 Nf6 12. Bd3 d5 13. e5 Ne4 14. Qe1 Nf5 15. h5 gxh5 16. a5 b5 17. Nd2 Qh4 18. Nf3 Qg4 19. Nd2 Qh4 20. f3 Neg3 1/2-1/2

[Event "Dulles Cherry Blossom op 11th"]
[Site "Dulles"]
[Date "2024.05.26"]
[Round "8"]
[White "Moor, Nathaniel Philip"]
[Black "Aravindakshan, Sahana"]
[Result "1-0"]
[WhiteElo "2121"]
[BlackElo "1926"]
[PlyCount "45"]
[EventDate "2024.05.22"]
[EventType "swiss"]
[EventRounds "9"]
[EventCountry "USA"]
[SourceTitle "CBM 220 Extra"]
[Source "ChessBase"]
[SourceDate "2024.07.31"]
[SourceVersion "1"]
[SourceVersionDate "2024.07.31"]
[SourceQuality "1"]

1. d4 Nf6 2. Bf4 d6 3. Nc3 Nbd7 4. Nf3 c5 5. e3 g6 6. h4 h5 7. Bc4 Bg7 8. Qd3 0-0 9. Ng5 cxd4 10. exd4 d5 11. Bb3 Nb6 12. Qe2 Bd7 13. 0-0-0 Rc8 14. Rde1 Re8 15. f3 Nc4 16. Bxc4 Rxc4 17. Nxd5 Rxd4 18. Bc7 Qa8 19. Nxe7+ Kf8 20. Qe5 Rd5 21. Qxd5 Rxe7 22. Qc5 Ng8 23. Bd6 1-0

[Event "Dulles Cherry Blossom op 11th"]
[Site "Dulles"]
[Date "2024.05.25"]
[Round "5"]
[White "Michelle, Catherina P"]
[Black "Moor, Nathaniel Philip"]
[Result "1/2-1/2"]
[WhiteElo "2164"]
[BlackElo "2121"]
[PlyCount "138"]
[EventDate "2024.05.22"]
[EventType "swiss"]
[EventRounds "9"]
[EventCountry "USA"]
[SourceTitle "CBM 220 Extra"]
[Source "ChessBase"]
[SourceDate "2024.07.31"]
[SourceVersion "1"]
[SourceVersionDate "2024.07.31"]
[SourceQuality "1"]

1. e4 c5 2. Nf3 e6 3. d4 cxd4 4. Nxd4 Nc6 5. Nc3 Qc7 6. g3 a6 7. Bg2 Nge7 8. Nb3 Ne5 9. 0-0 N7c6 10. f4 Nc4 11. Qe2 b5 12. a4 Bb7 13. Kh1 Na7 14. axb5 Nxb5 15. Nxb5 axb5 16. Rxa8+ Bxa8 17. Nd4 Qb6 18. Rd1 Bc5 19. b3 Bxd4 20. bxc4 Bc6 21. Ba3 Bc5 22. Bxc5 Qxc5 23. Rb1 b4 24. Qe1 Ke7 25. Qxb4 Qxb4 26. Rxb4 Ra8 27. Rb1 Ra4 28. e5 Rxc4 29. Bxc6 Rxc6 30. Rb2 f6 31. exf6+ gxf6 32. Kg2 e5 33. Kf3 Ke6 34. Ke3 d5 35. g4 Rc3+ 36. Kd2 Rh3 37. Rb6+ Ke7 38. fxe5 fxe5 39. c3 Rxh2+ 40. Kd3 Rh3+ 41. Kd2 Rg3 42. Rb7+ Ke6 43. Rb6+ Ke7 44. Rb7+ Kd6 45. Rxh7 Rxg4 46. Rh8 Rg2+ 47. Ke3 Rg3+ 48. Kd2 Ke6 49. Rf8 Rh3 50. Kc2 e4 51. Re8+ Kd7 52. Re5 Rh2+ 53. Kb3 Kd6 54. Re8 Rg2 55. c4 Kc5 56. cxd5 Kd4 57. d6 Rg7 58. Re7 Rg6 59. d7 Rd6 60. Kc2 Ke3 61. Kc3 Kf3 62. Kc4 e3 63. Kc5 Rd3 64. Kc6 e2 65. Kc7 Kf2 66. d8Q Rxd8 67. Rxe2+ Kf3 68. Re3+ Kf4 69. Kxd8 Kxe3 1/2-1/2

[Event "Texas Collegiate Finals"]
[Site "Brownsville"]
[Date "2023.09.16"]
[Round "1.1"]
[White "Koustav, Chatterjee"]
[Black "Moor, Nathaniel Philip"]
[Result "1-0"]
[WhiteElo "2546"]
[BlackElo "2082"]
[PlyCount "97"]
[EventDate "2023.09.16"]
[EventType "team-tourn"]
[EventRounds "4"]
[EventCountry "USA"]
[SourceTitle "CBM 216 Extra"]
[Source "ChessBase"]
[SourceDate "2023.11.30"]
[SourceVersion "1"]
[SourceVersionDate "2023.11.30"]
[SourceQuality "1"]
[WhiteTeam "Texas Dallas Univ"]
[BlackTeam "Texas Tech Univ II"]
[WhiteTeamCountry "USA"]
[BlackTeamCountry "USA"]

1. Nf3 d5 2. g3 Nc6 3. d4 Bf5 4. Bg2 Nb4 5. Na3 e6 6. 0-0 h5 7. c3 Nc6 8. Nc2 Be7 9. h4 Nf6 10. Ng5 Ne4 11. Nxe4 Bxe4 12. f3 Bh7 13. e4 Qd7 14. Ne3 0-0-0 15. b4 Rhg8 16. exd5 exd5 17. Kh2 g5 18. hxg5 Rxg5 19. f4 Rg7 20. Bh3 f5 21. Qxh5 Bg6 22. Qxf5 Bxf5 23. Bxf5 Rdg8 24. Bxd7+ Kxd7 25. Nf5 Rf7 26. Ne3 Rfg7 27. Rf3 Bxb4 28. Nxd5 Be7 29. Be3 Na5 30. Bf2 Nc4 31. Re1 Bd8 32. Nb4 Nd6 33. Nd3 Bf6 34. Nc5+ Kc8 35. Ne4 Rh8+ 36. Kg2 Nf5 37. Rh1 Bh4 38. Ng5 Bxg5 39. Rxh8+ Bd8 40. Kh3 Nd6 41. g4 Kd7 42. Bh4 Bxh4 43. Kxh4 Re7 44. f5 Re1 45. Rh7+ Kc6 46. Kg5 Ne4+ 47. Kg6 Rg1 48. Rh4 Nd2 49. Rf4 1-0

[Event "US op 123nd"]
[Site "Grand Rapids"]
[Date "2023.08.06"]
[Round "9"]
[White "Moor, Nathaniel Philip"]
[Black "Li, Ben"]
[Result "0-1"]
[WhiteElo "2089"]
[BlackElo "2354"]
[PlyCount "52"]
[EventDate "2023.07.29"]
[EventType "swiss"]
[EventRounds "9"]
[EventCountry "USA"]
[SourceTitle "CBM 215 Extra"]
[Source "ChessBase"]
[SourceDate "2023.09.30"]
[SourceVersion "1"]
[SourceVersionDate "2023.09.30"]
[SourceQuality "1"]

1. d4 d5 2. c4 e6 3. Nf3 Nf6 4. g3 dxc4 5. Bg2 Bd7 6. Ne5 Bc6 7. Nxc6 Nxc6 8. 0-0 Qd7 9. e3 Rd8 10. Qe2 e5 11. Qxc4 exd4 12. Qb5 Rb8 13. exd4 Nxd4 14. Qe5+ Ne6 15. Bg5 Be7 16. Nc3 Ng4 17. Qe2 Nxg5 18. Rfe1 Kf8 19. h4 Bc5 20. Red1 Qf5 21. hxg5 Bxf2+ 22. Kh1 h6 23. Bh3 hxg5 24. Kg2 Rxh3 25. Rd8+ Rxd8 26. Qe8+ Rxe8 0-1

[Event "New York Summer 1000 GM IM-B"]
[Site "New York"]
[Date "2023.07.08"]
[Round "4.2"]
[White "Espinosa, Pedro"]
[Black "Moor, Nathaniel Philip"]
[Result "1-0"]
[WhiteElo "2263"]
[BlackElo "2147"]
[PlyCount "30"]
[EventDate "2023.07.06"]
[EventType "schev"]
[EventRounds "9"]
[EventCountry "USA"]
[SourceTitle "CBM 215 Extra"]
[Source "ChessBase"]
[SourceDate "2023.09.30"]
[SourceVersion "1"]
[SourceVersionDate "2023.09.30"]
[SourceQuality "1"]
[WhiteTeam "Team B"]
[BlackTeam "Team C"]
[WhiteTeamCountry "USA"]
[BlackTeamCountry "USA"]

1. d4 d5 2. c4 e6 3. Nf3 a6 4. Bg5 Nf6 5. e3 h6 6. Bh4 c5 7. cxd5 exd5 8. Nc3 Be6 9. Be2 Nc6 10. 0-0 Bd6 11. dxc5 Bxc5 12. Bxf6 gxf6 13. Qd2 d4 14. Nxd4 Bb6 15. Rfd1 f5 1-0

[Event "New York Summer 1000 GM IM-B"]
[Site "New York"]
[Date "2023.07.07"]
[Round "3.3"]
[White "Moor, Nathaniel Philip"]
[Black "Pang, Qi"]
[Result "0-1"]
[WhiteElo "2147"]
[BlackElo "2193"]
[PlyCount "98"]
[EventDate "2023.07.06"]
[EventType "schev"]
[EventRounds "9"]
[EventCountry "USA"]
[SourceTitle "CBM 215 Extra"]
[Source "ChessBase"]
[SourceDate "2023.09.30"]
[SourceVersion "1"]
[SourceVersionDate "2023.09.30"]
[SourceQuality "1"]
[WhiteTeam "Team C"]
[BlackTeam "Team B"]
[WhiteTeamCountry "USA"]
[BlackTeamCountry "USA"]

1. d4 d5 2. c4 c6 3. cxd5 cxd5 4. Nc3 Nf6 5. Bf4 Nc6 6. e3 a6 7. Bd3 Bg4 8. Nf3 e6 9. h3 Bh5 10. Qb3 Bd6 11. Bxd6 Qxd6 12. 0-0 0-0 13. Rac1 Rfc8 14. Na4 Nb4 15. Qa3 Bxf3 16. gxf3 b5 17. Nc5 Nxd3 18. Qxd3 Nd7 19. Nxd7 Qxd7 20. Rc5 Rxc5 21. dxc5 e5 22. Rc1 Rc8 23. a4 Rc6 24. axb5 Rh6 25. Kf1 axb5 26. Ke2 Qc6 27. b4 Rh4 28. e4 d4 29. Ra1 g6 30. Ra5 Rxh3 31. Qxb5 Qf6 32. Qd3 Rh1 33. Ra2 Qg5 34. Rd2 Rc1 35. Rd1 Rc3 36. Qb1 Qf4 37. Rd3 Rc1 38. Qb3 g5 39. c6 g4 40. Qd5 Rc2+ 41. Kf1 g3 42. Rxd4 Rxf2+ 43. Kg1 exd4 44. Qd8+ Kg7 45. Qxd4+ Kg6 46. Qc5 Rxf3 47. Qf5+ Qxf5 48. exf5+ Kxf5 49. b5 Rc3 0-1

[Event "Philadelphia op 16th"]
[Site "Philadelphia"]
[Date "2023.06.26"]
[Round "5"]
[White "Moor, Nathaniel Philip"]
[Black "Slade, Theodore"]
[Result "1/2-1/2"]
[WhiteElo "2180"]
[BlackElo "1992"]
[PlyCount "99"]
[EventDate "2023.06.24"]
[EventType "swiss"]
[EventRounds "9"]
[EventCountry "USA"]
[SourceTitle "CBM 215 Extra"]
[Source "ChessBase"]
[SourceDate "2023.09.30"]
[SourceVersion "1"]
[SourceVersionDate "2023.09.30"]
[SourceQuality "1"]

1. d4 Nf6 2. Bf4 d5 3. e3 c5 4. dxc5 Nc6 5. Bb5 Qa5+ 6. Nc3 a6 7. Bxc6+ bxc6 8. Qd4 e6 9. Bd6 Bxd6 10. cxd6 0-0 11. b4 Qd8 12. Nf3 a5 13. 0-0 Qxd6 14. a3 Ba6 15. Rfb1 axb4 16. axb4 Nd7 17. Ne4 Qe7 18. Nc5 Nxc5 19. Qxc5 Qxc5 20. bxc5 Bb5 21. h3 g6 22. Nd4 Rxa1 23. Rxa1 e5 24. Nxb5 cxb5 25. Ra5 Rb8 26. c6 f6 27. Kf1 Rc8 28. Ra6 Rc7 29. Rb6 Kf8 30. Ke2 Ke7 31. Rxb5 Kd6 32. Kd3 Kxc6 33. Ra5 Kd6 34. Ra6+ Ke7 35. c3 Rb7 36. e4 dxe4+ 37. Kxe4 Rb2 38. Ke3 Rc2 39. Rc6 f5 40. g3 Kd7 41. Rc4 Ke6 42. Rc7 Kd6 43. Rc4 Kd5 44. Rc8 g5 45. Kf3 e4+ 46. Ke3 f4+ 47. gxf4 gxf4+ 48. Kxf4 Rxf2+ 49. Kg3 Rf3+ 50. Kg4 1/2-1/2

[Event "New York Mem Day 1000 GM IM-C"]
[Site "New York"]
[Date "2023.05.28"]
[Round "6"]
[White "Moor, Nathaniel Philip"]
[Black "Nemeth, Miklos"]
[Result "0-1"]
[WhiteElo "2185"]
[BlackElo "2452"]
[PlyCount "128"]
[EventDate "2023.05.25"]
[EventType "tourn"]
[EventRounds "9"]
[EventCountry "USA"]
[SourceTitle "CBM 214 Extra"]
[Source "ChessBase"]
[SourceDate "2023.07.31"]
[SourceVersion "1"]
[SourceVersionDate "2023.07.31"]
[SourceQuality "1"]

1. Nf3 d5 2. d4 Nf6 3. c4 e6 4. Nc3 Be7 5. Bf4 0-0 6. e3 b6 7. cxd5 Nxd5 8. Nxd5 exd5 9. Bd3 c5 10. h4 f5 11. Ne5 Bf6 12. Qh5 Bxe5 13. Bxe5 Nc6 14. 0-0 Nxe5 15. dxe5 Be6 16. Rfd1 Qc7 17. f4 Rad8 18. Rac1 a5 19. g4 Qd7 20. gxf5 Bxf5 21. Bxf5 Rxf5 22. Qg4 Qf7 23. Rc2 d4 24. Rf2 Rf8 25. exd4 cxd4 26. Rxd4 Rxe5 27. Rd7 Re7 28. Rxe7 Qxe7 29. f5 Qc5 30. Qe4 Rf6 31. Qe8+ Qf8 32. Qe5 h6 33. a3 Qf7 34. Kh2 Rc6 35. Qg3 Qf6 36. Kh3 Rc1 37. Qg6 Rh1+ 38. Kg2 Qxg6+ 39. fxg6 Rxh4 40. Kf3 Rh5 41. Rd2 Kf8 42. Ke4 Ke7 43. Rf2 Ke6 44. Rf7 Re5+ 45. Kf4 Rb5 46. b4 axb4 47. axb4 Rxb4+ 48. Ke3 h5 49. Rxg7 Kf6 50. Rg8 b5 51. Kf3 h4 52. Kf2 Rb3 53. Kf1 b4 54. Kf2 h3 55. Kg1 Kf5 56. Kh2 Kg5 57. Kh1 Rb2 58. Kg1 Kf5 59. Kh1 Kf6 60. Rh8 Kxg6 61. Rxh3 Kf5 62. Kg1 b3 63. Kf1 Rb1+ 64. Kf2 b2 0-1

[Event "New York Mem Day 1000 GM IM-C"]
[Site "New York"]
[Date "2023.05.28"]
[Round "7"]
[White "Mou, Iris Zhaoying"]
[Black "Moor, Nathaniel Philip"]
[Result "1-0"]
[WhiteElo "2002"]
[BlackElo "2185"]
[PlyCount "83"]
[EventDate "2023.05.25"]
[EventType "tourn"]
[EventRounds "9"]
[EventCountry "USA"]
[SourceTitle "CBM 214 Extra"]
[Source "ChessBase"]
[SourceDate "2023.07.31"]
[SourceVersion "1"]
[SourceVersionDate "2023.07.31"]
[SourceQuality "1"]

1. e4 e5 2. Nf3 Nc6 3. Nc3 Nf6 4. Bb5 Bc5 5. 0-0 0-0 6. Nxe5 Nxe5 7. d4 Bd6 8. f4 Ng6 9. e5 Be7 10. exf6 Bxf6 11. f5 Ne7 12. Ne4 Nc6 13. d5 Ne5 14. d6 cxd6 15. Qxd6 Ng4 16. Bf4 Be7 17. Qd5 a6 18. Be2 Nf6 19. Nxf6+ Bxf6 20. Bd6 Be7 21. Bxe7 Qxe7 22. f6 gxf6 23. Bd3 Qe5 24. Bxh7+ Kg7 25. Qd3 Rh8 26. Rf5 Qc7 27. Rh5 d5 28. Rf1 Qc4 29. Qf3 Qd4+ 30. Kh1 Rxh7 31. c3 Qb6 32. Qg3+ Kh8 33. Rxh7+ Kxh7 34. Rf4 f5 35. Rh4+ Qh6 36. Rxh6+ Kxh6 37. Qg8 b5 38. Qxf7 Kg5 39. Qxd5 Rb8 40. Qd8+ Kg4 41. h4 Kg3 42. Qd6+ 1-0

[Event "New York Spring IM-C"]
[Site "New York"]
[Date "2023.04.06"]
[Round "3"]
[White "La Manna, Andrea"]
[Black "Moor, Nathaniel Philip"]
[Result "0-1"]
[WhiteElo "2212"]
[BlackElo "2185"]
[PlyCount "38"]
[EventDate "2023.04.05"]
[EventType "tourn"]
[EventRounds "9"]
[EventCountry "USA"]
[SourceTitle "CBM 213 Extra"]
[Source "ChessBase"]
[SourceDate "2023.05.31"]
[SourceVersion "1"]
[SourceVersionDate "2023.05.31"]
[SourceQuality "1"]

1. d4 Nf6 2. c4 g6 3. Nc3 d5 4. cxd5 Nxd5 5. e4 Nxc3 6. bxc3 Bg7 7. Bc4 c5 8. Ne2 0-0 9. Be3 Nc6 10. Rc1 cxd4 11. cxd4 Qa5+ 12. Kf1 Rd8 13. h4 Qa3 14. Rc3 Qb4 15. Bd5 e6 16. Bb3 e5 17. Bd2 Qb5 18. Bc4 exd4 19. Nxd4 Qb2 0-1

[Event "New York Spring IM-C"]
[Site "New York"]
[Date "2023.04.06"]
[Round "2"]
[White "Moor, Nathaniel Philip"]
[Black "Quesada Vera, Liordis"]
[Result "1-0"]
[WhiteElo "2185"]
[BlackElo "2322"]
[PlyCount "60"]
[EventDate "2023.04.05"]
[EventType "tourn"]
[EventRounds "9"]
[EventCountry "USA"]
[SourceTitle "CBM 213 Extra"]
[Source "ChessBase"]
[SourceDate "2023.05.31"]
[SourceVersion "1"]
[SourceVersionDate "2023.05.31"]
[SourceQuality "1"]

1. d4 d6 2. Bf4 Nc6 3. Nf3 Bg4 4. d5 e5 5. dxc6 exf4 6. cxb7 Rb8 7. Qd4 Nf6 8. Qxa7 Be7 9. Nc3 0-0 10. a4 c5 11. a5 Qc7 12. a6 d5 13. e3 fxe3 14. fxe3 d4 15. Nb5 Qd8 16. Be2 Nd5 17. 0-0 Nxe3 18. Rf2 f6 19. Bd3 Bd7 20. Nbxd4 Qc7 21. Be4 f5 22. Qxb8 Rxb8 23. a7 fxe4 24. axb8Q+ Qxb8 25. Ra8 Bd6 26. Rd2 Kf7 27. Rxb8 Bxb8 28. Nb3 Ke7 29. Nxc5 Bf5 30. Nd4 Ke8 1-0

[Event "New York Fall IM-C"]
[Site "Long Island City"]
[Date "2022.11.11"]
[Round "4"]
[White "Managadze, Nikoloz"]
[Black "Moor, Nathaniel Philip"]
[Result "1-0"]
[WhiteElo "2383"]
[BlackElo "2131"]
[PlyCount "103"]
[EventDate "2022.11.09"]
[EventType "tourn"]
[EventRounds "9"]
[EventCountry "USA"]
[SourceTitle "CBM 211 Extra"]
[Source "ChessBase"]
[SourceDate "2023.01.31"]
[SourceVersion "1"]
[SourceVersionDate "2023.01.31"]
[SourceQuality "1"]

1. e4 c5 2. Nf3 e6 3. g3 d5 4. exd5 exd5 5. d4 Nf6 6. Nc3 Nc6 7. Bg2 cxd4 8. Nxd4 Bg4 9. f3 Be6 10. Be3 Bb4 11. 0-0 0-0 12. Nce2 Ne5 13. c3 Nc4 14. Bf2 Ba5 15. Qc2 Re8 16. Rfe1 Bd7 17. Nf4 Qc7 18. Nd3 Nd6 19. g4 Nb5 20. Nb3 Bb6 21. Nbc5 h5 22. g5 Bf5 23. Qb3 Bxd3 24. Nxd3 Qc4 25. Qxc4 dxc4 26. Ne5 Bxf2+ 27. Kxf2 Nd5 28. Nxc4 Nf4 29. Bf1 Nc7 30. Rxe8+ Rxe8 31. Rd1 Nce6 32. h4 Nc5 33. Ne3 Ng6 34. Nf5 Re5 35. Rd8+ Kh7 36. Nd6 Nxh4 37. b4 Ne6 38. Nxf7 Nxd8 39. Nxe5 Ne6 40. Bd3+ g6 41. Kg3 Nf5+ 42. Bxf5 gxf5 43. Kh4 Nf4 44. c4 Kg7 45. c5 a6 46. a4 Kf8 47. b5 axb5 48. axb5 Ke7 49. b6 Kd8 50. g6 Nxg6+ 51. Nxg6 Kd7 52. Ne5+ 1-0

[Event "New York Fall IM-C"]
[Site "Long Island City"]
[Date "2022.11.11"]
[Round "5"]
[White "Moor, Nathaniel Philip"]
[Black "Rama, Tejas"]
[Result "1-0"]
[WhiteElo "2131"]
[BlackElo "2189"]
[PlyCount "107"]
[EventDate "2022.11.09"]
[EventType "tourn"]
[EventRounds "9"]
[EventCountry "USA"]
[SourceTitle "CBM 211 Extra"]
[Source "ChessBase"]
[SourceDate "2023.01.31"]
[SourceVersion "1"]
[SourceVersionDate "2023.01.31"]
[SourceQuality "1"]

1. d4 Nf6 2. Bf4 d5 3. e3 g6 4. Nc3 Bg7 5. h4 h5 6. Nf3 Bf5 7. Ne5 c6 8. f3 Nfd7 9. e4 dxe4 10. fxe4 Bxe5 11. dxe5 Be6 12. Qd2 Qa5 13. 0-0-0 b5 14. Kb1 b4 15. Nd5 cxd5 16. exd5 Bf5 17. e6 fxe6 18. dxe6 Bxe6 19. b3 Nf6 20. Re1 Bd5 21. Bd3 Rg8 22. Bxb8 Rxb8 23. Qg5 Qb6 24. Rhf1 Kd7 25. Rxf6 Qxf6 26. Qxd5+ Qd6 27. Bb5+ Kc7 28. Qc4+ Kb6 29. Rxe7 Rbc8 30. Qe2 Rgd8 31. Re6 Qxe6 32. Qxe6+ Kxb5 33. Qxg6 Rc5 34. Qe4 Rdd5 35. a3 a5 36. Qe8+ Rc6 37. Qb8+ Kc5 38. Qf4 Kb5 39. Qb8+ Kc5 40. Kb2 bxa3+ 41. Kxa3 Kd4 42. Qf4+ Kc5 43. c4 Rd7 44. Qe5+ Kb6 45. Qb5+ Kc7 46. Qxa5+ Kd6 47. Qxh5 Rb7 48. Qd5+ Kc7 49. h5 Rcb6 50. b4 Ra6+ 51. Kb3 Rba7 52. b5 Ra3+ 53. Kb4 R7a4+ 54. Kc5 1-0